[Event "AUT-ch U18 Online Rapid"]
[Site "Playchess.com INT"]
[Date "2020.12.13"]
[Round "7"]
[White "Buergmayr, Mario"]
[Black "Schmidt, Florian1"]
[Result "1-0"]
[WhiteElo "1519"]
[BlackElo "1721"]
[PlyCount "77"]
[EventDate "2020.12.13"]
[EventType "swiss (rapid)"]
[EventRounds "7"]
[EventCountry "AUT"]
[SourceTitle "EXT 2022"]
[Source "ChessBase"]
[SourceDate "2021.10.06"]
[SourceVersion "1"]
[SourceVersionDate "2021.10.06"]
[SourceQuality "1"]

1. d4 d5 2. c4 e6 3. Nf3 Nf6 4. Nc3 c6 5. e3 Nbd7 6. Bd3 Bd6 7. 0-0 0-0 8. Qc2 e5 9. dxe5 Nxe5 10. Nxe5 Bxe5 11. cxd5 cxd5 12. Rb1 Re8 13. b3 Qc7 14. Bb2 Bxh2+ 15. Kh1 Be5 16. Rbc1 Be6 17. f4 Bxc3 18. Bxc3 Rac8 19. Qb2 Qe7 20. a3 Ng4 21. g3 f6 22. Bd4 Qf7 23. Kg2 Bd7 24. Rh1 Nxe3+ 25. Kf3 Bg4+ 26. Kf2 Bf5 27. Rxc8 Ng4+ 28. Kf3 Be4+ 29. Bxe4 dxe4+ 30. Kxg4 f5+ 31. Kh3 Qh5+ 32. Kg2 Qf3+ 33. Kh2 Rxc8 34. Rc1 Rxc1 35. Qxc1 Qe2+ 36. Kg1 Kf7 37. Qc7+ Kg6 38. Qxg7+ Kh5 39. Qg5# 1-0

[Event "AUT-ch U18 Online Rapid"]
[Site "Playchess.com INT"]
[Date "2020.12.13"]
[Round "5"]
[White "Leisch, Lukas"]
[Black "Buergmayr, Mario"]
[Result "1-0"]
[WhiteElo "2016"]
[BlackElo "1562"]
[PlyCount "77"]
[EventDate "2020.12.13"]
[EventType "swiss (rapid)"]
[EventRounds "7"]
[EventCountry "AUT"]
[SourceTitle "EXT 2022"]
[Source "ChessBase"]
[SourceDate "2021.10.06"]
[SourceVersion "1"]
[SourceVersionDate "2021.10.06"]
[SourceQuality "1"]

1. e4 e5 2. Bc4 Nc6 3. Qh5 Qf6 4. d3 Bc5 5. Nf3 d6 6. Bg5 Qg6 7. Qxg6 fxg6 8. Nc3 h6 9. Be3 Bxe3 10. fxe3 Nf6 11. a4 a5 12. Nh4 Ne7 13. Nb5 Kd8 14. 0-0 g5 15. Nf5 Nxf5 16. exf5 Bd7 17. e4 Bxb5 18. axb5 Kd7 19. Ra3 Ng4 20. Be6+ Ke7 21. Rfa1 b6 22. b4 Ne3 23. Bb3 Rhb8 24. h3 Ng4 25. hxg4 Kd7 26. Bd5 Ra7 27. Bc6+ Ke7 28. bxa5 bxa5 29. Rxa5 Rxa5 30. Rxa5 Rb6 31. c4 Rb8 32. Ra7 Kd8 33. Kf2 Kc8 34. Ke3 Kd8 35. d4 Kc8 36. c5 Kd8 37. cxd6 cxd6 38. Rd7+ Ke8 39. Rb7+ 1-0

[Event "AUT-ch U18 Online Blitz"]
[Site "Playchess.com INT"]
[Date "2020.12.11"]
[Round "6"]
[White "Horvath, Dominik"]
[Black "Buergmayr, Mario"]
[Result "1-0"]
[WhiteElo "2302"]
[BlackElo "1535"]
[PlyCount "63"]
[EventDate "2020.12.11"]
[EventType "swiss (blitz)"]
[EventRounds "7"]
[EventCountry "AUT"]
[SourceTitle "EXT 2022"]
[Source "ChessBase"]
[SourceDate "2021.10.06"]
[SourceVersion "1"]
[SourceVersionDate "2021.10.06"]
[SourceQuality "1"]

1. Nf3 d5 2. d4 e6 3. c4 Nf6 4. g3 Nc6 5. Bg2 Be7 6. 0-0 0-0 7. Nc3 b6 8. cxd5 exd5 9. Bf4 Bb7 10. Rc1 Re8 11. Ne5 Bd6 12. Nxd5 Bxe5 13. dxe5 Nxd5 14. Qxd5 Qxd5 15. Bxd5 Na5 16. Bxb7 Nxb7 17. Rxc7 Nc5 18. Rd1 Re6 19. Rxa7 Rae8 20. b4 Ne4 21. Rdd7 Rf8 22. a4 Nc3 23. Kf1 Na2 24. Bd2 Rc6 25. a5 bxa5 26. bxa5 Nc1 27. Rab7 Rc2 28. Bb4 Ra8 29. Rxf7 Nxe2 30. Rxg7+ Kh8 31. Rxh7+ Kg8 32. Rbg7# 1-0